History Quiz

Random History or Famous Quiz

Finish the Famous Quote III Quiz Stats

 Plays Quiz Updated Jul 24, 2015

Support Sporcle.
Go Orange.
Score 0/28 Timer 06:00
4 Plays Today
% Correct
Bee
99.5%
Saying
98.2%
Stop
96.5%
Death
95.2%
Grow
95.1%
Listens
93.7%
Possible
93.6%
Slaves
93.1%
Complaining
92.8%
Anything
92.7%
Illusion
92.2%
Blood
90.9%
Cells
90.8%
Deal
90.3%
% Correct
Bodies
89.5%
Reincarnated
89.3%
Interest
86.8%
Cry
84.7%
Brave
84.6%
Export
83.2%
Cloud
82.8%
Obedience
79.5%
Souls
76.9%
Beauty
72.2%
Paradox
68%
Evolution
65.1%
Efficiency
64.4%
Troubles
51.4%

From the Vault

Element to Symbol Match

by sproutcm

Science 10m
We're still lobbying to get Sporclium on the periodic table. One day, it's gonna happen.
Remove Ads.
Support Sporcle.
Get the best of Sporcle when you Go Orange. This ad-free experience offers more features, more stats, and more fun while also helping to support Sporcle. Thank you for becoming a member.

Show Comments

Extras

Top Quizzes Today


Score Distribution

Your Account Isn't Verified!

In order to create a playlist on Sporcle, you need to verify the email address you used during registration. Go to your Sporcle Settings to finish the process.

Report this User

Report this user for behavior that violates our Community Guidelines.

Details: